<The> Rise of Anti-System Movement in Lagging Regions – Case of Slovakia

Vzostup antiestablišmentového hnutia na Slovensku. Pomocou prierezových údajov z volieb do parlamentu v roku 2016 je skúmaná úloha miestnych sociálno-ekonomických faktorov pri podpore politickej strany Ľudová strana - naše Slovensko. Priestorová analýza výsledkov volieb poukazuje na silnú priestorov...

Descrizione completa

Salvato in:
Dettagli Bibliografici
Autore principale: Rehák, Štefan, 1974-
Altri autori: Rafaj, Oliver, 1989-, Černěnko, Tomáš, 1981-
Natura: Capitolo di libro
Lingua:inglese
Soggetti:
Tags: Aggiungi Tag
Nessun Tag, puoi essere il primo ad aggiungerne!!

MARC

LEADER 00000naa$a2200000$$$4500
001 0269388
005 20240502083807.7
041 0 |a eng 
044 |a HU 
245 1 0 |a <The> Rise of Anti-System Movement in Lagging Regions – Case of Slovakia  |c Štefan Rehák, Oliver Rafaj, Tomáš Černěnko 
520 |a Vzostup antiestablišmentového hnutia na Slovensku. Pomocou prierezových údajov z volieb do parlamentu v roku 2016 je skúmaná úloha miestnych sociálno-ekonomických faktorov pri podpore politickej strany Ľudová strana - naše Slovensko. Priestorová analýza výsledkov volieb poukazuje na silnú priestorovú koncentráciu jej podpory v regiónoch stredného Slovenska miesta, ktoré za posledných pár rokov výrazne menej profitovali z fondov EÚ a štátnej investičnej pomoci. Zvýšenie investície do zaostávajúcich regiónov. 
610 2 0 |a strany politické 
610 2 0 |a pomoc štátna 
610 2 0 |a investície 
610 2 0 |a voľby 
610 2 0 |a fondy Európskej únie 
610 2 0 |a regióny 
610 2 0 |a Slovensko 
100 1 |a Rehák, Štefan, 1974- 
700 1 |a Rafaj, Oliver, 1989- 
700 1 |a Černěnko, Tomáš, 1981-